000 03980cam a2200289 4500500
005 20251228045629.0
041 _afre
042 _adc
100 1 0 _aDiemer, Saint-Calvaire Henri
_eauthor
700 1 0 _aLongo, Jean de Dieu
_eauthor
700 1 0 _aTekpa, Gaspard
_eauthor
700 1 0 _aGaunefet, Christelle Edith
_eauthor
700 1 0 _aNgbale, Richard Norbert
_eauthor
245 0 0 _aFacteurs associés à la divulgation du statut de séropositivité au VIH à Bangui
260 _c2018.
500 _a51
520 _aIntroduction : La non-divulgation du statut sérologique par une femme enceinte à son entourage, et tout particulièrement au père de l’enfant à naître, peut représenter un obstacle à la prévention de la transmission du VIH de la mère à l’enfant. C’est dans ce contexte que notre étude se propose de déterminer la proportion des femmes n’ayant pas divulgué leur séropositivité au VIH à leur conjoint et les facteurs associés à cette non-divulgation. Patients et méthodes : Il s’agissait d’une étude transversale, descriptive et analytique allant du 1er février au 30 mai 2017. La population d’étude était constituée de toutes les femmes enceintes ou non enceintes VIH positives, suivies dans l’un des trois principaux services de santé maternelle et infantile de Bangui. Résultats : Au total, 256 femmes ont été recrutées. Parmi elles, 76 femmes n’ont pas divulgué leur séropositivité au VIH à leur conjoint, soit une proportion 29,7 %. Les principaux facteurs associés à la non-divulgation de la séropositivité étaient le jeune âge du conjoint, sa situation professionnelle précaire et les couples qui vivaient séparément. Conclusion : À la lumière des résultats obtenus dans notre étude, des efforts doivent être faits pour impliquer davantage les partenaires dans les programmes de santé sexuelle et reproductive en général et de la prévention de la transmission de la mère à l’enfant en particulier. Également, la population doit être sensibilisée sur les dangers de la stigmatisation et la loi relative à la protection des personnes vivant avec le VIH doit être appliquée.
520 _aIntroduction: The failure of pregnant women to disclose their HIV serological status to the those around her, especially the father of the unborn child, can be a barrier to preventing mother-to-child transmission of HIV. In this context, the present study was designed to determine the proportion of women who failed to disclose their HIV status to their spouses and the factors associated with this non-disclosure. Patients and methods: This cross-sectional, descriptive and analytical study was conducted from 1 February to 30 May 2017. The study population consisted of all pregnant and non-pregnant HIV-positive women followed in the three main mother and child health services in Bangui. Results: A total of 256 women were recruited, 76 (29.7%) of whom had not disclosed their HIV status to their spouse. The main factors associated with non-disclosure of HIV status were the spouse’s young age, precarious employment status, and couples living separately. Conclusion: In the light of the results of this study, efforts should be made to ensure more active involvement of partners in sexual and reproductive health programmes in general and PMTCT in particular. The general public also needs to be made aware of the dangers of stigma and the law on the protection of people living with HIV should be enforced.
690 _adivulgation de la séropositivité au VIH
690 _aRépublique centrafricaine
690 _asanté maternelle et infantile
690 _aCentral African Republic
690 _adisclosure of HIV status
690 _amother and child health
786 0 _nSanté Publique | 30 | 3 | 2018-08-21 | p. 397-403 | 0995-3914
856 4 1 _uhttps://stm.cairn.info/revue-sante-publique-2018-3-page-397?lang=fr&redirect-ssocas=7080
999 _c1578988
_d1578988